000 00900nam a2200265 i 4500
003 DO-SdBNP
005 20260505141549.0
007 ta
008 260505b2025 dr ||||| |||| 00| 0 spa d
020 _a9789945528077
040 _aDO-SdBNP
_bspa
_cBNPHU
_erda
041 _aspa
082 4 _axxx
_bG974d
_222
100 _aGumbs, Elies,
_eautor
_4aut.
_989472
245 1 3 _aDe hiel a miel :
_bun viaje del dolor a la dulzura del alma /
_cElies Gumbs ; corrección de estilo, Dania Victoria Figueroa ; prólogo, Aurelia Castillo
264 4 _aSanto Domingo :
_bPublicaciones Libertad,
_c©2025.
300 _a107 páginas ;
_c21 cm.
336 _atexto
_btxt
_2rdacontent
337 _asin mediación
_bn
_2rdamedia
338 _avolumen
_bnc
_2rdacarrier
590 _aInventariado, 2026/BT
700 _aFigueroa, Dania Victoria,
_ecorrector
_4corr.
_987015
910 _aBtavárez
942 _2ddc
_cLBS1
999 _c60666
_d60666